| 000 | 00465pab a2200169 454500 | ||
|---|---|---|---|
| 008 | 180718b2007 xxu||||| |||| 00| 0 eng d | ||
| 100 | _aSchwartzman, Luisa Farah | ||
| 245 | _aDoes money whiten? intergenerational changes in racial classification in Brazil | ||
| 260 | _c2007 | ||
| 300 | _ap.940-63. | ||
| 362 | _aDec | ||
| 650 | _aEthnic groups - Brazil | ||
| 650 | _aEthnic groups | ||
| 773 | _aAmerican sociological Review | ||
| 908 | _aN | ||
| 909 | _a77134 | ||
| 999 |
_c77134 _d77134 |
||